• 首页
  • 本馆介绍
  • 公告通知
  • 最新文献
  • 馆藏检索
  • 电子资源
  • 读者导购
  • 参考咨询
  • 我的图书馆
  • 登录
  • 详细信息显示
  • 放入我的书架
  • 预约/预借图书
  • 作者相关作品
  • 分类相关作品
  • 丛书相关作品
  • 出版社相关作品

书目信息

  • 表格格式
  • 工作单格式
  • 卡片格式
题名:
声乐曲选集
    
 
作者: 徐明 , 罗宪君 , 李滨荪 主编
分册: 一   钢琴伴奏谱
出版信息: 北京   人民音乐出版社  1986.05
页数: 144页
开本: 26cm
丛书名:
单 册:
中图分类: J642.51
科图分类:
主题词: 独唱--歌曲--中国
电子资源:
ISBN: 7-103-00083-2
000 00729nam0 2200241 45
001 0411241557
005 20070701150925.59
010    @a7-103-00083-2@dCNY10.20
100    @a20041124d1986 km y0chiy0120 ea
101 0  @achi
200 1  @a声乐曲选集@ASheng Yue Qu Xuan Ji@e中国作品@h一@i钢琴伴奏谱@f罗宪君,李滨荪,徐明主编@FLuo Xian Jun,Li Bin Sun,Xu Ming Zhu Bian
210    @a北京@c人民音乐出版社@d1986.05
215    @a144页@d26cm
300    @a高等师范院校试用教材
517    @a中国作品@Azhong guo zuo pin
517    @a钢琴伴奏谱
606 0  @a独唱@x歌曲@x中国
690    @aJ642.51@v4
701  0 @a徐明@4主编
701  0 @a罗宪君@4主编
701  0 @a李滨荪@4主编
801    @aCN@bPftUser@c20070701
905    @dJ642.51@e110:1
    
    声乐曲选集:中国作品.一.钢琴伴奏谱/罗宪君,李滨荪,徐明主编.-北京:人民音乐出版社,1986.05
    144页;26cm
    高等师范院校试用教材
    
    ISBN 7-103-00083-2:CNY10.20
    
●
相关链接 在E读中查询图书 在五车中查询图书 在当当中查询图书 在豆瓣中查询图书


正题名:声乐曲选集     索取号:J642.51/110:1         预约/预借

序号 登录号 条形码 馆藏地/架位号 状态 备注
1 0502662   205026620   密集书库/ [索取号:J642.51/110:1] 在馆    
2 0682529   206825293   库房3/ [索取号:J642.51/110:1] 在馆    
3 0682530   206825300   库房3/ [索取号:J642.51/110:1] 在馆    
4 0682531   206825319   库房3/ [索取号:J642.51/110:1] 在馆    
5 0682532   206825328   库房3/ [索取号:J642.51/110:1] 在馆    
6 0682533   206825337   库房3/ [索取号:J642.51/110:1] 在馆    
7 0682534   206825346   库房3/ [索取号:J642.51/110:1] 在馆    
8 0682535   206825355   库房3/ [索取号:J642.51/110:1] 在馆    
9 0682536   206825364   库房3/ [索取号:J642.51/110:1] 在馆    
10 0682537   206825373   库房3/ [索取号:J642.51/110:1] 在馆    
11 0682538   206825382   库房3/ [索取号:J642.51/110:1] 在馆    
12 0682539   206825391   库房3/ [索取号:J642.51/110:1] 在馆    
13 0682540   206825408   库房3/ [索取号:J642.51/110:1] 在馆    
14 0682541   206825417   库房3/ [索取号:J642.51/110:1] 在馆    
15 0682542   206825426   库房3/ [索取号:J642.51/110:1] 在馆    
16 0682543   206825435   库房3/ [索取号:J642.51/110:1] 在馆    
17 0682544   206825444   库房3/ [索取号:J642.51/110:1] 在馆    
18 0682545   206825453   库房3/ [索取号:J642.51/110:1] 在馆    
19 0682546   206825462   库房3/ [索取号:J642.51/110:1] 在馆    
20 0762478   207624784   库房3/ [索取号:J642.51/110:1] 在馆    
21 0762479   207624793   库房3/ [索取号:J642.51/110:1] 在馆    
22 0763442   207634425   密集书库/ [索取号:J642.51/110:1] 在馆    
23 0763443   207634434   密集书库/ [索取号:J642.51/110:1] 在馆    
24 0763444   207634443   密集书库/ [索取号:J642.51/110:1] 在馆    
25 0763445   207634452   密集书库/ [索取号:J642.51/110:1] 在馆    
26 0763446   207634461   密集书库/ [索取号:J642.51/110:1] 在馆    
27 0763447   207634470   密集书库/ [索取号:J642.51/110:1] 在馆    
28 0763448   207634489   密集书库/ [索取号:J642.51/110:1] 在馆    
29 0763455   207634559   密集书库/ [索取号:J642.51/110:1] 在馆    
唐山师范学院图书馆 欢迎您!
大连网信软件有限公司© 版权所有